[Event "29. Friedensfest-Open (AFRO-A)"]
[Site "Augsburg"]
[Date "2024.08.10"]
[Round "6.34"]
[White "Glasschroeder, Maximilian"]
[Black "Weil, Volker"]
[Result "1/2-1/2"]
[WhiteElo "1854"]
[BlackElo "1977"]
[EventDate "2024.08.08"]
[Time "15:30:00"]
[WhiteNrv "1854"]
[BlackNrv "1977"]
[WhiteTwz "1854"]
[BlackTwz "1977"]
[WhiteFideId "34652590"]
[BlackFideId "4612949"]
[WhiteNatFedId "10775164"]
[BlackNatFedId "10237275"]
[WhiteAttr "M"]
[BlackAttr "*"]
[WhiteTeam "SK Weilheim e.V."]
[BlackTeam "SV Lahn Limburg"]
[PlyCount "0"]

1.e4 d6 2.Nc3 Nf6 3.f4 d5 4.e5 d4 5.Nce2 Nh5 6.d3 g6 7.Nf3 c5 8.b4 e6 9.g3
Nc6 10.bxc5 Bxc5 11.Bg2 O-O 12.O-O b6 13.Nd2 Bb7 14.Ne4 Be7 15.a4 Rb8 16.
Ba3 Nb4 17.Bb2 Nc6 18.Qe1 Ng7 19.g4 f5 20.exf6 Bxf6 21.Nxf6+ Qxf6 22.Ng3 
Rfe8 23.Ne4 Qd8 24.Ba3 Na5 25.g5 Bxe4 26.Bxe4 e5 27.Qg3 Nh5 28.Qg4 Nxf4 
1/2-1/2

[Event "29. Friedensfest-Open (AFRO-A)"]
[Site "Augsburg"]
[Date "2024.08.10"]
[Round "6.35"]
[White "Schaefer, Ann-Kathrin"]
[Black "Iberl, Michael"]
[Result "0-1"]
[WhiteElo "1779"]
[BlackElo "1953"]
[EventDate "2024.08.08"]
[Time "15:30:00"]
[WhiteNrv "1779"]
[BlackNrv "1953"]
[WhiteTwz "1779"]
[BlackTwz "1953"]
[WhiteFideId "24615412"]
[BlackFideId "4644085"]
[WhiteNatFedId "10186026"]
[BlackNatFedId "10091886"]
[WhiteAttr "W"]
[BlackAttr "M"]
[WhiteTeam "SC JAeKLECHEMIE Talente Franken e"]
[BlackTeam "SF Dachau 1932 e.V."]
[PlyCount "0"]

1.d4 d5 2.Nf3 Nf6 3.e3 Bf5 4.Nh4 Bg4 5.f3 Bh5 6.g4 Bg6 7.g5 Nfd7 8.Nxg6 
hxg6 9.c4 e6 10.f4 dxc4 11.Bxc4 Nb6 12.Be2 Nc6 13.Nc3 Bb4 14.Bd2 Qd7 15.a3
Bxc3 16.bxc3 O-O-O 17.c4 Rh4 18.c5 Nd5 19.Qb3 Nce7 20.Rb1 c6 21.Ba6 Nb6 
22.cxb6 bxa6 23.Ba5 Rdh8 24.bxa7 Qxa7 25.Qc2 Kd7 26.Bb6 Qa8 27.Bc5 Nf5 28.
Qf2 Rh3 29.Rb3 Rb8 30.Bb6 c5 31.O-O c4 32.Rb4 Nxe3 33.Rfb1 c3 34.d5 Nxd5 
35.Rd4 Qc6 36.Qc2 Rxb6 37.Rxb6 Qxb6 38.Qe4 c2 39.Qxc2 Qxd4+ 0-1

[Event "29. Friedensfest-Open (AFRO-A)"]
[Site "Augsburg"]
[Date "2024.08.10"]
[Round "6.36"]
[White "Kuhn, Hubert"]
[Black "Kuehn, Marvin"]
[Result "1/2-1/2"]
[WhiteElo "1946"]
[BlackElo "1862"]
[EventDate "2024.08.08"]
[Time "15:30:00"]
[WhiteNrv "1946"]
[BlackNrv "1862"]
[WhiteTwz "1946"]
[BlackTwz "1862"]
[WhiteFideId "16216385"]
[BlackFideId "16281667"]
[WhiteNatFedId "10120594"]
[BlackNatFedId "10709624"]
[WhiteAttr "M"]
[BlackAttr "M"]
[WhiteTeam "MSA Zugzwang 82 e.V."]
[BlackTeam "SK Graefelfing"]
[PlyCount "0"]

1.d4 g6 2.Nf3 Bg7 3.Bf4 d6 4.e3 Nd7 5.Bc4 e5 6.Bg5 Ngf6 7.O-O h6 8.Bh4 g5 
9.Bg3 Ne4 10.dxe5 Nxg3 11.fxg3 Nb6 12.Bxf7+ Kxf7 13.Nxg5+ Kg8 14.Nf7 Qe7 
15.Qf3 dxe5 16.Nc3 e4 17.Nxe4 Bf5 18.Qxf5 Rf8 19.Qg4 Rxf7 20.Rxf7 Kxf7 21.
Rf1+ Ke8 22.Rf7 Qb4 23.c3 Qxb2 24.Qxg7 Qc1+ 25.Kf2 Qc2+ 26.Kf3 Qd1+ 27.Kf2
Qc2+ 28.Kg1 Qc1+ 29.Rf1 Qxe3+ 30.Nf2 1/2-1/2

[Event "29. Friedensfest-Open (AFRO-A)"]
[Site "Augsburg"]
[Date "2024.08.10"]
[Round "6.37"]
[White "Hoeller, Armin"]
[Black "Gleiser, Maximilian"]
[Result "1-0"]
[WhiteElo "1942"]
[BlackElo "1854"]
[EventDate "2024.08.08"]
[Time "15:30:00"]
[WhiteNrv "1942"]
[BlackNrv "1854"]
[WhiteTwz "1942"]
[BlackTwz "1854"]
[WhiteFideId "24651923"]
[BlackFideId "533001596"]
[WhiteNatFedId "10085787"]
[WhiteAttr "*"]
[BlackAttr "M"]
[WhiteTeam "SK Weilheim e.V."]
[BlackTeam "?"]
[PlyCount "0"]

1.c4 Nf6 2.Nc3 e6 3.g3 c6 4.e4 d5 5.e5 Ne4 6.Nxe4 dxe4 7.Qc2 Qd4 8.f4 exf3
9.Nxf3 Qd8 10.d4 c5 11.Bg5 f6 12.Be3 cxd4 13.O-O-O fxe5 14.Nxe5 Qa5 15.
Bxd4 Qxa2 16.Qf2 Bd7 17.Qf7+ Kd8 18.Bb6+ Kc8 19.Qe8+ Bxe8 20.Rd8# 1-0

[Event "29. Friedensfest-Open (AFRO-A)"]
[Site "Augsburg"]
[Date "2024.08.10"]
[Round "6.38"]
[White "Wietschorke, Jens"]
[Black "Erhardt, Daniel"]
[Result "1/2-1/2"]
[WhiteElo "1915"]
[BlackElo "1807"]
[EventDate "2024.08.08"]
[Time "15:30:00"]
[WhiteNrv "1915"]
[BlackNrv "1807"]
[WhiteTwz "1915"]
[BlackTwz "1807"]
[WhiteFideId "16296176"]
[BlackFideId "16249429"]
[WhiteNatFedId "10242290"]
[BlackNatFedId "10604919"]
[WhiteAttr "M"]
[BlackAttr "M"]
[WhiteTeam "SK Caissa Augsburg"]
[BlackTeam "SC Ostfildern 1952 e.V."]
[PlyCount "0"]

1.e4 c5 2.d4 cxd4 3.c3 d5 4.exd5 Qxd5 5.cxd4 Nc6 6.Nf3 Bg4 7.Nc3 Qh5 8.Qb3
Bxf3 9.gxf3 Nxd4 10.Qa4+ Nc6 11.Nb5 Qe5+ 12.Be3 Nf6 13.O-O-O Qb8 14.Bb6 
axb6 15.Qxa8 Nd7 16.Qa4 g6 17.Bh3 Nc5 18.Qc4 Bh6+ 19.Kb1 O-O 20.Nc3 Qe5 
21.Rd5 Qf6 22.Bg4 Bg7 23.f4 Na5 24.Qb4 Nc6 25.Qc4 Na5 1/2-1/2

[Event "29. Friedensfest-Open (AFRO-A)"]
[Site "Augsburg"]
[Date "2024.08.10"]
[Round "6.39"]
[White "Fuertler, Oliver"]
[Black "Kelembet, Artem"]
[Result "1-0"]
[WhiteElo "1909"]
[BlackElo "1779"]
[EventDate "2024.08.08"]
[Time "15:30:00"]
[WhiteNrv "1909"]
[BlackNrv "1779"]
[WhiteTwz "1909"]
[BlackTwz "1779"]
[WhiteFideId "1682490"]
[BlackFideId "34684727"]
[BlackNatFedId "10828569"]
[WhiteAttr "M"]
[BlackAttr "M"]
[WhiteTeam "?"]
[BlackTeam "SV Jedesheim 1921"]
[PlyCount "0"]

1.e4 e6 2.d4 d5 3.e5 c5 4.c3 Nc6 5.Nf3 Qb6 6.Bd3 Bd7 7.O-O cxd4 8.cxd4 
Nxd4 9.Nxd4 Qxd4 10.Nc3 Ne7 11.Nb5 Qxe5 12.Re1 Qb8 13.Qf3 Nc6 14.Bf4 e5 
15.Bxe5 Nxe5 16.Qxd5 Be6 17.Rxe5 Be7 18.Rxe6 fxe6 19.Qxe6 Qd8 20.Bc4 Rf8 
21.Nc7+ Qxc7 22.Bb5+ Qc6 23.Bxc6+ bxc6 24.Re1 1-0

[Event "29. Friedensfest-Open (AFRO-A)"]
[Site "Augsburg"]
[Date "2024.08.10"]
[Round "6.40"]
[White "Tarasenko, Oleksii"]
[Black "Rempel, Alexander"]
[Result "1/2-1/2"]
[WhiteElo "1902"]
[BlackElo "1715"]
[EventDate "2024.08.08"]
[Time "15:30:00"]
[WhiteNrv "1902"]
[BlackNrv "1715"]
[WhiteTwz "1902"]
[BlackTwz "1715"]
[WhiteFideId "34662316"]
[BlackFideId "34618600"]
[WhiteNatFedId "10873809"]
[BlackNatFedId "10586418"]
[WhiteAttr "M"]
[BlackAttr "M"]
[WhiteTeam "SK Ingolstadt"]
[BlackTeam "SF Augsburg"]
[PlyCount "0"]

1.d4 Nf6 2.c4 e6 3.g3 d5 4.Nf3 dxc4 5.Ne5 Qd5 6.Rg1 c5 7.Bg2 Qxd4 8.Qa4+ 
Nbd7 9.Nxc4 Ng4 10.e3 Qf6 11.Nd6+ Bxd6 12.Qxg4 Be5 13.Qe2 Rb8 14.f4 Bc7 
15.Nc3 O-O 16.e4 Ba5 17.e5 Bxc3+ 18.bxc3 Qe7 19.c4 b6 20.a4 Bb7 21.Bh3 
Rbd8 22.Bb2 Nb8 23.Kf2 Rd7 24.Rgd1 Rfd8 25.f5 Nc6 26.f6 Qf8 27.Rxd7 Rxd7 
28.Rd1 Qd8 29.Rxd7 Qxd7 30.Bg2 Ba6 31.Bxc6 Qxc6 32.Qg4 g6 33.Qf4 Bb7 34.
Qh6 Qg2+ 35.Ke1 Qg1+ 36.Kd2 Qf2+ 37.Kd3 Qf5+ 38.Kd2 1/2-1/2

[Event "29. Friedensfest-Open (AFRO-A)"]
[Site "Augsburg"]
[Date "2024.08.10"]
[Round "6.41"]
[White "Medvedev, Michael"]
[Black "Retzlaff, Kian"]
[Result "0-1"]
[WhiteElo "1759"]
[BlackElo "1890"]
[EventDate "2024.08.08"]
[Time "15:30:00"]
[WhiteNrv "1759"]
[BlackNrv "1890"]
[WhiteTwz "1759"]
[BlackTwz "1890"]
[WhiteFideId "34650792"]
[BlackFideId "34606700"]
[WhiteNatFedId "10691830"]
[BlackNatFedId "10742727"]
[WhiteAttr "M"]
[BlackAttr "M"]
[WhiteTeam "SK Rochade Augsburg"]
[BlackTeam "SF 59 Kornwestheim"]
[PlyCount "0"]

1.d4 Nf6 2.c4 g6 3.Nc3 Bg7 4.e4 d6 5.Nf3 O-O 6.Be2 e5 7.d5 a5 8.h3 Nh5 9.
g4 Nf4 10.Bxf4 exf4 11.Qd2 a4 12.g5 a3 13.b4 Re8 14.Bd3 Na6 15.Rb1 Bf5 16.
Kf1 Bxc3 17.Qxc3 Bxe4 18.Bxe4 Rxe4 19.h4 c5 20.bxc5 Nxc5 21.h5 Qf8 22.h6 
Rae8 23.Nd2 R4e5 24.Rg1 f6 25.Nf3 Rf5 26.Re1 Re4 27.gxf6 Qxf6 28.Qxa3 
Rxe1+ 29.Nxe1 Qd4 30.Qc1 f3 31.Qc2 Ne4 32.Nd3 Nc3 33.Nb2 Qf6 34.Nd1 Ne2 
35.Rg4 Rh5 36.Ke1 Nf4 37.Qe4 Re5 38.Rxf4 Qxf4 0-1

[Event "29. Friedensfest-Open (AFRO-A)"]
[Site "Augsburg"]
[Date "2024.08.10"]
[Round "6.43"]
[White "Nezosi, Constantin"]
[Black "Weichlein, Paul"]
[Result "1-0"]
[WhiteElo "1738"]
[BlackElo "2045"]
[EventDate "2024.08.08"]
[Time "15:30:00"]
[WhiteNrv "1738"]
[BlackNrv "2045"]
[WhiteTwz "1738"]
[BlackTwz "2045"]
[WhiteFideId "36066974"]
[BlackFideId "4671643"]
[BlackNatFedId "10236793"]
[WhiteAttr "M"]
[BlackAttr "*"]
[WhiteTeam "Vandeuvre Échecs"]
[BlackTeam "SAbt TSV Haunstetten"]
[PlyCount "0"]

1.d4 Nf6 2.c4 e6 3.Nc3 Bb4 4.e3 O-O 5.Nf3 d5 6.Bd3 c5 7.O-O b6 8.a3 Bxc3 
9.bxc3 Nc6 10.Re1 Qc7 11.a4 Rd8 12.Ba3 Na5 13.Ne5 Nxc4 14.Bxc4 dxc4 15.Qc2
Bb7 16.f3 Nd7 17.Ng4 h5 18.Nf2 e5 19.Rad1 Nf6 20.Qf5 exd4 21.exd4 Rd5 22.
Re5 Rad8 23.Rde1 cxd4 24.cxd4 Bc8 25.Qg5 Be6 26.Ne4 Nxe4 27.fxe4 Rxd4 28.
Be7 f6 29.Bxf6 Rf8 30.Rxe6 Rd7 31.Re7 Rxe7 32.Bxe7 Rf7 33.Bb4 c3 34.e5 Qc4
35.e6 Qd4+ 36.Qe3 Qxb4 37.exf7+ 1-0

[Event "29. Friedensfest-Open (AFRO-A)"]
[Site "Augsburg"]
[Date "2024.08.10"]
[Round "6.44"]
[White "Hahn, Christoph"]
[Black "Pachmayr, Stefan"]
[Result "1-0"]
[WhiteElo "2135"]
[BlackElo "1776"]
[EventDate "2024.08.08"]
[Time "15:30:00"]
[WhiteNrv "2135"]
[BlackNrv "1776"]
[WhiteTwz "2135"]
[BlackTwz "1776"]
[WhiteFideId "24609854"]
[BlackFideId "356285791"]
[WhiteNatFedId "10072242"]
[BlackNatFedId "10136414"]
[WhiteAttr "M"]
[BlackAttr "*"]
[WhiteTeam "SK Kriegshaber"]
[BlackTeam "SF Dachau 1932 e.V."]
[PlyCount "0"]

1.d4 Nf6 2.Nc3 g6 3.e4 d6 4.Be2 Bg7 5.Be3 Nbd7 6.g4 Nb6 7.g5 Nfd7 8.h4 e5 
9.d5 Qe7 10.a4 a5 11.Nb5 Nc5 12.Bxc5 dxc5 13.Qd2 O-O 14.c4 f5 15.f3 Rd8 
16.Nc3 c6 17.O-O-O cxd5 18.cxd5 Bd7 19.Qc2 Rac8 20.Bb5 Bxb5 21.Nxb5 fxe4 
22.fxe4 c4 23.Ne2 Qb4 24.Nec3 Rc5 25.Na3 Rdc8 26.h5 Qb3 27.hxg6 Qxc2+ 28.
Nxc2 hxg6 29.Ne3 Rf8 30.Rdf1 Rxf1+ 31.Rxf1 Rc8 32.Ng4 Rf8 33.Rxf8+ Kxf8 
34.Kc2 Ke7 35.b3 Kd6 36.Nb5+ Kd7 37.Na3 cxb3+ 38.Kxb3 Kd6 39.Nc4+ Nxc4 40.
Kxc4 b6 41.Kb5 Kc7 42.Nh6 Bf8 43.Nf7 Bg7 44.d6+ Kd7 45.Kxb6 Ke6 46.Kc7 1-0

[Event "29. Friedensfest-Open (AFRO-A)"]
[Site "Augsburg"]
[Date "2024.08.10"]
[Round "6.45"]
[White "Oezkurt, Kaan"]
[Black "Herb, Stefan"]
[Result "0-1"]
[WhiteElo "1701"]
[BlackElo "2085"]
[EventDate "2024.08.08"]
[Time "15:30:00"]
[WhiteNrv "1701"]
[BlackNrv "2085"]
[WhiteTwz "1701"]
[BlackTwz "2085"]
[WhiteFideId "34655182"]
[BlackFideId "4627903"]
[WhiteNatFedId "10722110"]
[BlackNatFedId "10080993"]
[WhiteAttr "M"]
[BlackAttr "M"]
[WhiteTeam "SK Freising"]
[BlackTeam "SAbt TSV Haunstetten"]
[PlyCount "0"]

1.e4 c6 2.d4 d5 3.exd5 cxd5 4.Bd3 Nc6 5.c3 Nf6 6.Bf4 g6 7.Nd2 Bg7 8.h3 O-O
9.Ngf3 Bf5 10.Bxf5 gxf5 11.O-O Ne4 12.Nxe4 fxe4 13.Ne5 Qd6 14.Qg4 f5 15.
Qg3 Nxe5 16.Qxg7+ Kxg7 17.Bxe5+ Qxe5 18.dxe5 f4 19.Rfd1 Rad8 20.Rd4 Rf5 
21.e6 Kf6 22.Rad1 Re5 23.c4 Kxe6 24.Kf1 Rd6 25.c5 Rc6 26.b4 Ra6 27.R1d2 
Ra4 28.Ke2 Rg5 29.Kf1 a5 30.b5 Rxd4 31.Rxd4 Rg8 32.Ra4 Ra8 33.f3 Ke5 34.
Ke2 Rc8 35.Rxa5 Rxc5 36.fxe4 Kxe4 37.Ra4+ d4 38.Kd2 Rxb5 39.Ra3 Rb2+ 40.
Ke1 Rxg2 41.Rb3 Rxa2 42.Rxb7 e5 43.Rxh7 Ke3 44.Kd1 e4 45.h4 d3 46.Rc7 Rh2 
47.Kc1 f3 48.h5 Rh1+ 49.Kb2 Ke2 50.h6 e3 51.h7 Rxh7 52.Rxh7 f2 53.Rh2 d2 
54.Rh1 d1=Q 0-1

[Event "29. Friedensfest-Open (AFRO-A)"]
[Site "Augsburg"]
[Date "2024.08.10"]
[Round "6.46"]
[White "Ranganathan, Aadith"]
[Black "Pellegrini, Noah"]
[Result "0-1"]
[WhiteElo "1666"]
[BlackElo "1919"]
[EventDate "2024.08.08"]
[Time "15:30:00"]
[WhiteNrv "1666"]
[BlackNrv "1919"]
[WhiteTwz "1666"]
[BlackTwz "1919"]
[WhiteFideId "34667121"]
[BlackFideId "1354094"]
[WhiteNatFedId "10806334"]
[WhiteAttr "M"]
[BlackAttr "M"]
[WhiteTeam "SC Unterhaching e.V."]
[BlackTeam "?"]
[PlyCount "0"]

1.e4 c5 2.Nc3 a6 3.a4 e6 4.Nge2 Nc6 5.g3 Nf6 6.Bg2 Be7 7.O-O O-O 8.d3 d5 
9.exd5 exd5 10.d4 cxd4 11.Nxd4 Bg4 12.Nf3 Qd7 13.Bf4 Rad8 14.Re1 Bb4 15.
Bg5 Bxc3 16.bxc3 Qf5 17.Bxf6 Qxf6 18.Qd3 Bf5 19.Qd2 Be4 20.Nd4 Nxd4 21.
cxd4 Bxg2 22.Kxg2 Rc8 23.c3 Rc4 24.Re3 Rfc8 25.Rae1 Qc6 26.a5 h6 27.Qc2 
Rxd4 28.Qf5 Re4 29.Rxe4 dxe4 30.Rxe4 Re8 31.f3 Rxe4 32.Qxe4 Qxe4 33.fxe4 
Kf8 34.Kf3 Ke7 35.Ke3 Kd6 36.Kd4 Kc6 37.Kc4 b6 38.axb6 Kxb6 39.Kb4 Kc6 40.
Ka5 Kb7 41.e5 Ka7 42.g4 Kb7 43.Kb4 Kb6 44.Kc4 Kc6 45.Kb4 Kd5 46.Ka5 Kc4 
47.Kxa6 Kxc3 48.Kb6 Kd4 49.Kc6 Kxe5 50.Kd7 g6 51.Ke7 f5 52.gxf5 gxf5 53.
Kf7 f4 54.Kg6 f3 55.Kxh6 f2 56.h4 f1=Q 57.h5 Kf6 58.Kh7 Qg2 59.h6 Qg6+ 60.
Kh8 Qxh6+ 61.Kg8 Qg7# 0-1

[Event "29. Friedensfest-Open (AFRO-A)"]
[Site "Augsburg"]
[Date "2024.08.10"]
[Round "6.48"]
[White "Bilous, Danylo"]
[Black "Zimmer, Christian"]
[Result "0-1"]
[WhiteElo "1797"]
[BlackElo "1757"]
[EventDate "2024.08.08"]
[Time "15:30:00"]
[WhiteNrv "1797"]
[BlackNrv "1757"]
[WhiteTwz "1797"]
[BlackTwz "1757"]
[WhiteFideId "34130004"]
[BlackFideId "16274423"]
[WhiteNatFedId "10754362"]
[BlackNatFedId "10680572"]
[WhiteAttr "M"]
[BlackAttr "M"]
[WhiteTeam "SG Buechenbach/Roth e.V."]
[BlackTeam "SC Heideck-Hilpoltstein"]
[PlyCount "0"]

1.d4 d5 2.c4 c6 3.Nc3 Nf6 4.Nf3 dxc4 5.e4 b5 6.e5 Nd5 7.Ne4 Bf5 8.Ng3 Bg4 
9.Be2 e6 10.O-O c3 11.Bg5 Be7 12.Bxe7 Qxe7 13.bxc3 Nxc3 14.Qc2 Nxe2+ 15.
Qxe2 Nd7 16.Rac1 Bxf3 17.Qxf3 O-O 18.Rxc6 Qb4 19.Qe4 Nb6 20.Nh5 Kh8 21.Qg4
Rg8 22.Rc7 Qf8 23.f4 Nd5 24.Rfc1 Nxc7 25.Rxc7 Qb4 26.Qd1 Rad8 27.Rxf7 Rxd4
28.Qc1 Rc4 29.Qe3 Re4 30.Qd3 Qe1+ 31.Qf1 Qd2 32.f5 Re1 33.fxe6 Qe3+ 34.Kh1
Rxf1+ 35.Rxf1 Qxe5 36.Nf4 g5 0-1

[Event "29. Friedensfest-Open (AFRO-A)"]
[Site "Augsburg"]
[Date "2024.08.10"]
[Round "6.50"]
[White "Sadighi, Armin"]
[Black "Nezosi, Christophe"]
[Result "1-0"]
[WhiteElo "1737"]
[BlackElo "1619"]
[EventDate "2024.08.08"]
[Time "15:30:00"]
[WhiteNrv "1737"]
[BlackNrv "1619"]
[WhiteTwz "1737"]
[BlackTwz "1619"]
[WhiteFideId "16279956"]
[BlackFideId "36067164"]
[WhiteNatFedId "10806328"]
[WhiteAttr "M"]
[BlackAttr "M"]
[WhiteTeam "MSA Zugzwang 82 e.V."]
[BlackTeam "Vandeuvre Échecs"]
[PlyCount "0"]

1.e4 Nc6 2.Nf3 d5 3.exd5 Qxd5 4.Nc3 Qa5 5.Bb5 Bd7 6.a3 e6 7.d4 a6 8.Be2 g6
9.Bd2 Bg7 10.Ne4 Qb6 11.Bc3 Nf6 12.Nc5 O-O 13.Qd2 Rad8 14.Qg5 Bc8 15.Rd1 
Nd5 16.Nb3 Bf6 17.Qg3 Nxc3 18.bxc3 Ne7 19.Ne5 Qd6 20.Qf4 Bxe5 21.dxe5 Qc6 
22.O-O Nd5 23.Qg5 Qxc3 24.Nd4 Qxa3 25.Rd3 Qe7 26.Qh6 f6 27.Rg3 fxe5 28.Nf3
Qg7 29.Qh4 Rd7 30.Ng5 Rf4 31.Bg4 Re7 32.Qh3 Nf6 33.Bxe6+ Bxe6 34.Nxe6 Qf7 
35.Nxf4 exf4 36.Rd3 Kg7 37.Qf3 Nh5 38.Qxb7 Qc4 39.Qb2+ Kh6 40.Rfd1 Re2 41.
R3d2 Qe4 42.Rxe2 Qxe2 43.Qc1 g5 44.Re1 Qc4 45.Qd2 Nf6 46.Qd3 Qb4 47.c3 Qb6
48.h3 g4 49.hxg4 Nxg4 50.Qh3+ Kg5 51.Qf3 a5 52.g3 fxg3 53.Qxg3 h5 54.Kg2 
Qc6+ 55.Kh3 Qc4 56.f3 a4 57.fxg4 Qxg4+ 58.Qxg4+ hxg4+ 59.Kg3 1-0

[Event "29. Friedensfest-Open (AFRO-A)"]
[Site "Augsburg"]
[Date "2024.08.11"]
[Round "7.1"]
[White "Reis, Thomas"]
[Black "Poetsch, Hagen"]
[Result "0-1"]
[WhiteElo "2195"]
[BlackElo "2453"]
[EventDate "2024.08.08"]
[Time "09:30:00"]
[WhiteNrv "2195"]
[BlackNrv "2453"]
[WhiteTwz "2195"]
[BlackTwz "2453"]
[BlackTitle "GM"]
[WhiteFideId "4678699"]
[BlackFideId "24615137"]
[WhiteNatFedId "10174084"]
[BlackNatFedId "10165992"]
[WhiteAttr "M"]
[BlackAttr "M"]
[WhiteTeam "SK Kriegshaber"]
[BlackTeam "SC Heusenstamm"]
[PlyCount "0"]

1.d4 Nf6 2.Nf3 b6 3.c4 e6 4.e3 Bb7 5.Bd3 d5 6.b3 Bb4+ 7.Nbd2 dxc4 8.bxc4 
Bc3 9.Rb1 c5 10.Bb2 Bxb2 11.Rxb2 cxd4 12.exd4 O-O 13.O-O Nc6 14.Nb3 Qd6 
15.Rd2 Rac8 16.Re1 Nb4 17.Bf1 Ne4 18.Rb2 Nc3 19.Qd2 Na4 20.Rbb1 Bxf3 21.
gxf3 Rfd8 22.Re4 Nc6 23.Rbe1 Nc5 24.dxc5 Qxd2 25.Nxd2 Rxd2 26.cxb6 axb6 
27.Rb1 Rb8 28.a3 Kf8 29.Re3 Ra2 30.Kg2 Ke7 31.Reb3 Rc8 32.Rc3 Rb8 33.Rcb3 
Nd4 34.Rd3 e5 35.Re1 Kd6 36.f4 f6 37.Kg3 g5 38.fxe5+ fxe5 39.f3 Rf8 40.
Ree3 Rf4 41.Re2 Rxe2 42.Bxe2 Kc5 43.Bf1 e4 0-1

[Event "29. Friedensfest-Open (AFRO-A)"]
[Site "Augsburg"]
[Date "2024.08.11"]
[Round "7.2"]
[White "Gibicar, Danijel"]
[Black "Ovsepyan, Arshak"]
[Result "1/2-1/2"]
[WhiteElo "2269"]
[BlackElo "2208"]
[EventDate "2024.08.08"]
[Time "09:30:00"]
[WhiteNrv "2269"]
[BlackNrv "2208"]
[WhiteTwz "2269"]
[BlackTwz "2208"]
[WhiteTitle "FM"]
[WhiteFideId "24660256"]
[BlackFideId "24690236"]
[WhiteNatFedId "10060994"]
[BlackNatFedId "10262433"]
[WhiteAttr "M"]
[BlackAttr "M"]
[WhiteTeam "SC Eppingen"]
[BlackTeam "SK Graefelfing"]
[PlyCount "0"]

1.e4 g6 2.d4 Bg7 3.Nc3 c5 4.Nf3 Qa5 5.Be2 cxd4 6.Nxd4 Nc6 7.Be3 Nf6 8.Nb3 
Qd8 9.f4 O-O 10.O-O d6 11.Bf3 Be6 12.Qe2 Qc8 13.h3 Nd7 14.Nd5 Bxb2 15.Rab1
Bg7 16.c4 f5 17.Bf2 fxe4 18.Bxe4 Nf6 19.Bf3 Bf5 20.Rbd1 Re8 21.g4 Bd7 22.
Qd2 Be6 23.Rfe1 Bf7 24.Kh2 Nd7 25.Re2 e5 26.f5 Nf6 27.Nxf6+ Bxf6 28.Be4 
Bxc4 29.Ree1 Qd8 30.fxg6 hxg6 31.Qh6 Bf7 32.Bxg6 Bxg6 33.Qxg6+ Bg7 34.Rxd6
Qc7 35.Nc5 e4 36.Nd7 Ne5 37.Nf6+ Kf8 38.Nxe8 Rxe8 39.Qf5+ Kg8 40.Red1 Rf8 
41.Qe6+ Kh8 42.Bg3 Qc2+ 43.Kh1 Qe2 44.Bxe5 Rf1+ 45.Rxf1 Qxf1+ 46.Kh2 Qf2+ 
47.Kh1 Qf1+ 48.Kh2 Qf2+ 1/2-1/2

[Event "29. Friedensfest-Open (AFRO-A)"]
[Site "Augsburg"]
[Date "2024.08.11"]
[Round "7.3"]
[White "Zill, Christoph"]
[Black "Alvir, Aco"]
[Result "1/2-1/2"]
[WhiteElo "2140"]
[BlackElo "2290"]
[EventDate "2024.08.08"]
[Time "09:30:00"]
[WhiteNrv "2140"]
[BlackNrv "2290"]
[WhiteTwz "2140"]
[BlackTwz "2290"]
[WhiteTitle "FM"]
[BlackTitle "IM"]
[WhiteFideId "4688856"]
[BlackFideId "14400367"]
[WhiteNatFedId "10250521"]
[BlackNatFedId "10496782"]
[WhiteAttr "M"]
[BlackAttr "M"]
[WhiteTeam "SK Freising"]
[BlackTeam "Muenchener SC 1836 e.V."]
[PlyCount "0"]

1.e4 d6 2.d4 Nf6 3.Nc3 c6 4.Nf3 Bg4 5.Be2 e6 6.h3 Bxf3 7.Bxf3 d5 8.O-O Be7
9.Be3 O-O 10.a3 a5 11.Qd3 a4 12.Bg5 dxe4 13.Nxe4 Nxe4 14.Bxe7 Qxe7 15.Bxe4
g6 16.Rfe1 Rd8 17.Qe3 Qf6 18.c3 Nd7 19.Rad1 Nb6 20.Bd3 1/2-1/2

[Event "29. Friedensfest-Open (AFRO-A)"]
[Site "Augsburg"]
[Date "2024.08.11"]
[Round "7.4"]
[White "Litzka, Richard"]
[Black "Bilchinski, Anton"]
[Result "1-0"]
[WhiteElo "2119"]
[BlackElo "2204"]
[EventDate "2024.08.08"]
[Time "09:30:00"]
[WhiteNrv "2119"]
[BlackNrv "2204"]
[WhiteTwz "2119"]
[BlackTwz "2204"]
[BlackTitle "FM"]
[WhiteFideId "12971731"]
[BlackFideId "24615765"]
[WhiteNatFedId "10261519"]
[BlackNatFedId "10254221"]
[WhiteAttr "M"]
[BlackAttr "M"]
[WhiteTeam "FC Bayern Muenchen e.V."]
[BlackTeam "SC Eppingen"]
[PlyCount "0"]

1.c4 Nf6 2.Nc3 e5 3.Nf3 d6 4.d4 Nbd7 5.Bg5 Be7 6.e3 O-O 7.Be2 c6 8.Qc2 Re8
9.O-O Qc7 10.b4 Nf8 11.h3 Ne6 12.Bh4 exd4 13.Nxd4 Nxd4 14.exd4 Qb6 15.Rad1
Qxb4 16.Bd3 h6 17.Rfe1 Kf8 18.Rb1 Qa5 19.Re3 Qh5 20.Bg3 b6 21.Rbe1 Be6 22.
Rxe6 fxe6 23.Bg6 Qa5 24.Bxe8 Rxe8 25.Rxe6 Kf7 26.d5 cxd5 27.cxd5 Qc5 28.
Qd3 Qa3 29.Qc4 Qc5 30.Qb3 Rc8 31.Ne4 Nxe4 32.Rxe4 Bf6 33.Re6 Rd8 34.Qd3 b5
35.Qf5 Qc1+ 36.Kh2 Qg5 37.Qd3 a6 38.Rxd6 Rxd6 39.Bxd6 Be5+ 40.Bxe5 Qxe5+ 
41.g3 Ke7 42.Qa3+ Qd6 43.Qe3+ Kf7 44.Qa7+ Kf8 45.Qb7 g5 46.Qa8+ Kf7 47.
Qa7+ Ke8 48.Qd4 b4 49.Kg2 Kd8 50.h4 gxh4 51.Qxh4+ Kc7 52.Qd4 Kb7 53.f4 a5 
54.f5 a4 55.f6 b3 56.axb3 axb3 57.f7 Qf8 58.Qf6 Kc7 59.Qc3+ Kd8 60.Qxb3 
Qxf7 61.Qb8+ Ke7 62.Qc7+ Ke8 63.Qxf7+ Kxf7 64.Kf3 Ke7 65.Kg4 Kd6 66.Kh5 
Kxd5 67.Kxh6 Ke6 68.g4 Kf7 69.g5 Kg8 70.Kg6 1-0

[Event "29. Friedensfest-Open (AFRO-A)"]
[Site "Augsburg"]
[Date "2024.08.11"]
[Round "7.5"]
[White "Vuckovic, Zarko"]
[Black "Hollmann, Thomas"]
[Result "1-0"]
[WhiteElo "2353"]
[BlackElo "1903"]
[EventDate "2024.08.08"]
[Time "09:30:00"]
[WhiteNrv "2353"]
[BlackNrv "1903"]
[WhiteTwz "2353"]
[BlackTwz "1903"]
[WhiteFideId "12952087"]
[BlackFideId "12934097"]
[WhiteNatFedId "10284643"]
[BlackNatFedId "10257099"]
[WhiteAttr "M"]
[BlackAttr "M"]
[WhiteTeam "SF Augsburg"]
[BlackTeam "SG Buechenbach/Roth e.V."]
[PlyCount "0"]

1.e4 c5 2.Nf3 e6 3.d4 cxd4 4.Nxd4 Nf6 5.Nc3 Nc6 6.Ndb5 Bc5 7.Bf4 O-O 8.Bc7
Qe7 9.Bd6 Bxd6 10.Qxd6 Qd8 11.Nc7 Rb8 12.Be2 b5 13.e5 Ne8 14.Nxe8 Rxe8 15.
O-O b4 16.Ne4 Bb7 17.Qc5 Qh4 18.f4 Rec8 19.Nd6 Rc7 20.Rad1 Qd8 21.Rd2 Ne7 
22.Qd4 Bd5 23.Qf2 Nc8 24.Nb5 Rcb7 25.Nd4 Ne7 26.f5 Nc6 27.Nxc6 dxc6 28.f6 
g6 29.Qe3 c5 30.Bf3 Rd7 31.Bxd5 exd5 32.Qxc5 Qb6 33.Qxb6 Rxb6 34.Rfd1 Rb5 
35.Rd4 h5 36.c4 bxc3 37.bxc3 Rc7 38.Rxd5 Rxd5 39.Rxd5 Rxc3 40.Rd8+ Kh7 41.
e6 Rc1+ 42.Kf2 Rc6 43.e7 Rxf6+ 44.Kg1 1-0

[Event "29. Friedensfest-Open (AFRO-A)"]
[Site "Augsburg"]
[Date "2024.08.11"]
[Round "7.6"]
[White "Nissen, Christoph"]
[Black "Wolf, Armin"]
[Result "1/2-1/2"]
[WhiteElo "1882"]
[BlackElo "2216"]
[EventDate "2024.08.08"]
[Time "09:30:00"]
[WhiteNrv "1882"]
[BlackNrv "2216"]
[WhiteTwz "1882"]
[BlackTwz "2216"]
[BlackTitle "FM"]
[WhiteFideId "34614320"]
[BlackFideId "4685954"]
[WhiteNatFedId "10154652"]
[BlackNatFedId "10245952"]
[WhiteAttr "M"]
[BlackAttr "M"]
[WhiteTeam "SK Caissa Augsburg"]
[BlackTeam "SAbt TSV Haunstetten"]
[PlyCount "0"]

1.e4 c6 2.Nf3 d5 3.d3 g6 4.exd5 cxd5 5.d4 Nc6 6.Bd3 Bg7 7.c3 Nh6 8.Na3 O-O
9.O-O Kh8 10.Bf4 Bf5 11.Nc2 Bxd3 12.Qxd3 Nf5 13.Ne3 Nxe3 14.Qxe3 e6 15.
Rfe1 Qd7 16.Bh6 Rae8 17.h4 f6 18.Rad1 Bxh6 19.Qxh6 Qg7 20.Qf4 Qd7 21.Qg4 
Kg7 22.Rd3 Rf7 23.Rde3 Rfe7 24.h5 g5 25.g3 Nd8 26.Nd2 Nf7 27.f4 f5 28.Qh3 
g4 29.Qh2 h6 30.Nb3 b6 31.Nc1 Nd6 32.Nd3 Ne4 33.Ne5 Qb5 34.b3 Rc7 35.c4 
Qb4 36.Qe2 Kf6 37.Kg2 Rd8 38.Rd1 a5 39.Qb2 Qe7 40.c5 b5 41.a4 b4 1/2-1/2